Hocus pocus.

Saved in:
Bibliografiske detaljer
Hovedforfatter: Vonnegut, Kurt (autor)
Andre forfattere: Castillo C., Argelia (traducción), Flores, A Homero (traducción)
Format: Bog
Udgivet: México, D.F., México, Grijalbo, 1993.
Fag:
Tags: Tilføj Tag
Ingen Tags, Vær først til at tagge denne postø!

MARC

LEADER 00000nam a22000007a 4500
003 CL-VaPUC
005 20230726104844.0
008 230710t1993 ||||| |||| 00| 0 eng d
999 |c 441349  |d 441347 
020 |a 970-05-0341-0 
040 |c Pontificia Universidad Católica de Valparaíso 
082 |2 22  |a 813.54 VON 1993 
100 |a Vonnegut, Kurt  |9 418496  |e autor 
245 |a Hocus pocus. 
260 |a México, D.F., México,  |b Grijalbo,  |c 1993. 
300 |a 370 páginas. 
500 |a c.1 Donación ex alumno Alvaro Muñoz PUCV. Memo Donación EDU. 
583 |c 20230710  |k Catalogador Asistente 
650 0 |9 317168  |a Literatura estadounidense  |v Novelas de ciencia ficción   |x Prisioneros 
700 |a Castillo C., Argelia  |e traducción  |9 883638 
700 |a Flores, A Homero  |e traducción  |9 883639 
942 |2 ddc  |c BK 
952 |0 0  |1 0  |2 ddc  |4 0  |6 813_540000000000000_VON_1993  |7 0  |8 A  |9 590778  |a BIBEDU  |b BIBEDU  |c GEN  |d 2023-07-10  |e Donación  |i 5657978  |o 813.54 VON 1993  |p 5657978  |r 2023-07-10  |t 1  |w 2023-07-10  |y BK  |k LIT